|
|
|
|
| LEADER |
00000nam0a2200000 4500 |
| 001 |
34169 |
| 005 |
20231101210222.0 |
| 035 |
|
|
|a (RuTPU)RU\TPU\book\34549
|
| 035 |
|
|
|a BOOK00001200
|
| 090 |
|
|
|a 34169
|
| 100 |
|
|
|a 20011210d1979 k y0rusy50 ca
|
| 101 |
1 |
|
|a rus
|c ger
|
| 102 |
|
|
|a RU
|
| 105 |
|
|
|a y z 000zy
|
| 200 |
1 |
|
|a Органическая химия
|e пер. с нем.
|f З. Гауптман, Ю. Грефе, Х. Ремане
|
| 210 |
|
|
|a Москва
|c Химия
|d 1979
|
| 215 |
|
|
|a 832 с.
|
| 606 |
1 |
|
|a Органическая химия
|2 stltpush
|3 (RuTPU)RU\TPU\subj\47309
|9 66362
|
| 610 |
1 |
|
|a теория
|
| 610 |
1 |
|
|a органические соединения
|
| 610 |
1 |
|
|a природные вещества
|
| 610 |
1 |
|
|a синтетические полимеры
|
| 610 |
1 |
|
|a красители
|
| 675 |
|
|
|a 547
|v 3
|
| 700 |
|
1 |
|a Гауптман
|b З.
|g Зигфрид
|
| 701 |
|
1 |
|a Грефе
|b Ю.
|g Юрген
|
| 701 |
|
1 |
|a Ремане
|b Х.
|g Хорст
|
| 801 |
|
0 |
|a RU
|b 63413507
|c 20011210
|g PSBO
|
| 801 |
|
2 |
|a RU
|b 63413507
|c 20160623
|g PSBO
|
| 900 |
|
|
|a Органическая химия
|
| 942 |
|
|
|c BK
|